000 00481nam a2200157 i 4500
001 34905
003 ES-MaACL
005 20230906155022.0
007 t|
008 030211s1971 sp ||||1| spa d
100 1 _aBorque Palacín, Alfredo.
_930541
245 1 0 _aServicio de televisión /
_cAlfredo Borque Palacín.
260 _aMadrid :
_bParaninfo,
_c1971 (
_eZaragoza :
_fCometa, Imp.)
300 _a292 p., :
_bil., 12 lám. ;
_c22 cm.
852 _aES-MaACL
_jC-45583
_bR.79429
999 _c34905
_d34905